Learning Resource and Development

Urban ecology and global climate change / (Record no. 30254)

MARC details
000 -LEADER
fixed length control field 04622cam a22004698i 4500
001 - CONTROL NUMBER
control field 22378363
003 - CONTROL NUMBER IDENTIFIER
control field CSPC
005 - DATE AND TIME OF LATEST TRANSACTION
control field 20250902170312.0
008 - FIXED-LENGTH DATA ELEMENTS--GENERAL INFORMATION
fixed length control field 220111s2022 nju b 001 0 eng
010 ## - LIBRARY OF CONGRESS CONTROL NUMBER
LC control number 2022001032
020 ## - INTERNATIONAL STANDARD BOOK NUMBER
International Standard Book Number 9781119807186
Qualifying information (cloth)
035 ## - SYSTEM CONTROL NUMBER
System control number 22378363
040 ## - CATALOGING SOURCE
Original cataloging agency DLC
Language of cataloging eng
Description conventions rda
Transcribing agency DLC
Modifying agency CSPC
042 ## - AUTHENTICATION CODE
Authentication code pcc
050 00 - LIBRARY OF CONGRESS CALL NUMBER
Classification number QH541.5.C6
Item number U735 2022
082 00 - DEWEY DECIMAL CLASSIFICATION NUMBER
Classification number 577.56
Item number Ur12
Edition number 23/eng/20220112
245 00 - TITLE STATEMENT
Title Urban ecology and global climate change /
Statement of responsibility, etc. edited by Rahul Bhadouria, [and 3 others].
250 ## - EDITION STATEMENT
Edition statement First edition.
263 ## - PROJECTED PUBLICATION DATE
Projected publication date 2205
264 #1 - PRODUCTION, PUBLICATION, DISTRIBUTION, MANUFACTURE, AND COPYRIGHT NOTICE
Place of production, publication, distribution, manufacture Hoboken, New Jersey :
Name of producer, publisher, distributor, manufacturer Wiley-Blackwell,
Date of production, publication, distribution, manufacture, or copyright notice 2022.
300 ## - PHYSICAL DESCRIPTION
Extent xvi, 351 pages :
Other physical details illustrations, maps ;
Dimensions 25 cm.
336 ## - CONTENT TYPE
Content type term text
Content type code txt
Source rdacontent
337 ## - MEDIA TYPE
Media type term unmediated
Media type code n
Source rdamedia
338 ## - CARRIER TYPE
Carrier type term volume
Carrier type code nc
Source rdacarrier
504 ## - BIBLIOGRAPHY, ETC. NOTE
Bibliography, etc. note Includes bibliographical references and index.
505 0# - FORMATTED CONTENTS NOTE
Formatted contents note Section 1. Urban ecology and global climate change: introduction -- Urban ecology and climate change: challenges and mitigation strategies -- Climate change, urbanisation, and their impact on increased occurrence of cardiometabolic syndrome -- Section 2. Urban landscape design using emerging techniques -- An alternative sustainable city framework to tackle climate change issues in India -- Integrated water resource management for future water security -- Water urbanism and multifunctional landscapes: case of Adyar River, Chennai, and Ganga River, Varanasi, India -- Urban landscape change detection using GIS and RS: Chattogram City corporation, Bangladesh -- Emerging techniques for urban resource restoration of various ecosystem: bioremediation, phytoremediation, habitat enhancement -- Phytoremediation of urban air pollutants: current status and challenges -- Section 3. Biodiversity and natural resource exploitation -- Tree benefits in urban environment and incidences of tree vandalism: a review for potential solutions -- Environmental status of green spaces in Bhaktapur district of Nepal - 2019 -- Challenges and opportunities of establishing jungle flora nursery in urban settlements -- Effect of the changing climate and urban ecology on spreading of infectious diseases including SARS-CoV-2 -- Human wildlife conflict in the Mumbai metropolitan region - an empirical study -- Section 4. Urbanisation, sustainable development goals (SDGs), and climate change -- Building knowledge on urban sustainability in the Czech Republic: a self-assessment approach -- A sustainable approach to combat climate change: case studies from some urban systems -- Section 5. Climate change and threats to ecological conservation -- Threats from sea level rise and erosion: a case study of an estuarine inhabited island Ghoramara, Hooghly estuary.
520 ## - SUMMARY, ETC.
Summary, etc. "Humankind is facing three major challenges viz. human overpopulation, urbanisation, and climate change with the onset of the twenty-first century (Steiner 2014). Presently, about seven billion (expected to reach 8.2 and 9 billion by 2025 and 2050, respectively) people are inhabiting the Earth which is more than any previous time. Urban areas and people living in the cities are increasing rapidly in size, globally (Mitchell et al. 2018). Over half (~54%) of the world's population is residing in the urban areas which is expected to grow to 60 and 80% by the year 2030 and 2050, respectively (Lee 2011; Vasishth 2015). Urbanisation phenomenon can be seen occurring on all the continents (except Antarctica); however, rapid urbanisation is happening, particularly in the Asia and Sub-Saharan Africa (Yu et al. 2017). Rapid urbanisation is putting severe stress on the planet Earth resulting in changes in the ecosystems from the landscape to the global scales (Steiner 2014; Colding and Barthel 2017)"--
Assigning source Provided by publisher.
650 #0 - SUBJECT ADDED ENTRY--TOPICAL TERM
Topical term or geographic name entry element Urban ecology (Biology)
General subdivision Environmental aspects.
650 #0 - SUBJECT ADDED ENTRY--TOPICAL TERM
Topical term or geographic name entry element Urban ecology (Sociology)
General subdivision Environmental aspects.
650 #0 - SUBJECT ADDED ENTRY--TOPICAL TERM
Topical term or geographic name entry element Urbanization.
650 #0 - SUBJECT ADDED ENTRY--TOPICAL TERM
Topical term or geographic name entry element Overpopulation.
650 #0 - SUBJECT ADDED ENTRY--TOPICAL TERM
Topical term or geographic name entry element Climatic changes.
700 1# - ADDED ENTRY--PERSONAL NAME
Personal name Bhadouria, Rahul,
Dates associated with a name 1982-
Relator term editor.
700 1# - ADDED ENTRY--PERSONAL NAME
Personal name Upadhyay, Shweta,
Dates associated with a name 1987-
Relator term editor.
700 1# - ADDED ENTRY--PERSONAL NAME
Personal name Tripathi, Sachchidanand,
Relator term editor.
700 1# - ADDED ENTRY--PERSONAL NAME
Personal name Singh, Pardeep,
Relator term editor.
776 08 - ADDITIONAL PHYSICAL FORM ENTRY
Relationship information Online version:
Title Urban ecology and global climate change
Edition First edition.
Place, publisher, and date of publication Hoboken : Wiley, 2022
International Standard Book Number 9781119807193
Record control number (DLC) 2022001033
906 ## - LOCAL DATA ELEMENT F, LDF (RLIN)
a 7
b cbc
c orignew
d 1
e ecip
f 20
g y-gencatlg
942 ## - ADDED ENTRY ELEMENTS (KOHA)
Source of classification or shelving scheme Dewey Decimal Classification
Koha item type Books
Edition 23
Classification part 577.56
Item part Ur12
Call number prefix GRD
Call number suffix 2022
Suppress in OPAC No
Holdings
Withdrawn status Lost status Source of classification or shelving scheme Damaged status Not for loan Home library Current library Shelving location Date acquired Total Checkouts Full call number Barcode Date last seen Copy number Price effective from Koha item type
    Dewey Decimal Classification     Main Library Main Library Graduate School Library 09/02/2025   GRD 577.56 Ur12 2022 030246 09/02/2025 1-1 09/02/2025 Books